Modern regime (Record no. 72446)

MARC details
000 -LEADER
fixed length control field 01166cam a2200265 4500
001 - CONTROL NUMBER
control field ABS66560
008 - FIXED-LENGTH DATA ELEMENTS--GENERAL INFORMATION
fixed length control field 030403n2003 000 0 eng u
035 ## - SYSTEM CONTROL NUMBER
System control number (Sirsi) u121896
100 ## - MAIN ENTRY--PERSONAL NAME
Personal name Ridsdale, M.
245 ## - TITLE STATEMENT
Title Modern regime
260 ## - PUBLICATION, DISTRIBUTION, ETC.
Date of publication, distribution, etc. 2003
490 ## - SERIES STATEMENT
Series statement Taxation
Volume/sequential designation 150(3895) 20 February 2003, 492-494(3)
490 ## - SERIES STATEMENT
Series statement Taxation
Volume/sequential designation 150(3896) 27 February 2003, 521-523(3)
520 ## - SUMMARY, ETC.
Summary, etc. Discusses the draft legislation implementing the Inland Revenue's (IR) plans to modernise stamp duty. This first article outlines the main charging aspects of the legislation. The second article examines the administrative aspects, such as notification and collection of tax. The draft legislation together with a set of explanatory notes can be found respectively at www.inlandrevenue.gov.uk/consult_nnew/clauses_and_ schedules.pdf and www.inlandrevenue.gov.uk/consult_new/explanatory_n otes.pdf.
590 ## - LOCAL NOTE (RLIN)
Local note ABS
650 ## - SUBJECT ADDED ENTRY--TOPICAL TERM
Topical term or geographic name entry element STAMP DUTY
650 ## - SUBJECT ADDED ENTRY--TOPICAL TERM
Topical term or geographic name entry element INLAND REVENUE
650 ## - SUBJECT ADDED ENTRY--TOPICAL TERM
Topical term or geographic name entry element MODERNISATION
650 ## - SUBJECT ADDED ENTRY--TOPICAL TERM
Topical term or geographic name entry element LAND TRANSFER
650 ## - SUBJECT ADDED ENTRY--TOPICAL TERM
Topical term or geographic name entry element PROPERTY TRANSFER TAX
650 ## - SUBJECT ADDED ENTRY--TOPICAL TERM
Topical term or geographic name entry element LAND TRANSACTIONS
650 ## - SUBJECT ADDED ENTRY--TOPICAL TERM
Topical term or geographic name entry element LEGISLATION
690 ## - LOCAL SUBJECT ADDED ENTRY--TOPICAL TERM (OCLC, RLIN)
Topical term or geographic name as entry element TAXATION
942 ## - ADDED ENTRY ELEMENTS (KOHA)
Suppress in OPAC 0
Holdings
Withdrawn status Lost status Source of classification or shelving scheme Damaged status Not for loan Home library Current library Shelving location Date acquired Total Checkouts Full call number Barcode Date last seen Copy number Price effective from Koha item type
    Dewey Decimal Classification     London London Journal article 03/04/2003   ABS66560 121896-1001 06/08/2019 1 06/08/2019 Journal article